Тайните общества на американския елит (Запис номер 105677)
[ съкратено ]
| 000 -Лидер | |
|---|---|
| Контролно поле с фиксирана дължина | 02428nam a2200481 c 4500 |
| 003 - Код на организацията, давaща контролен номер | |
| Контролно поле | BLK |
| 005 - Дата и час на последна редакция | |
| Контролно поле | 20250607093637.0 |
| 008 - Елементи от данни с фиксирана дължина | |
| fixed length control field | 180409b bul|||||r ||||||| ||bul|| |
| 010 ## - Наследен системен номер | |
| LC control number | KNG00110913000 |
| 020 ## - Международен стандартен номер на книга ISBN | |
| Международен стандартен номер на книга ISBN | 954-9994-25-2 |
| -- | издат.: Дилок |
| 040 ## - Източник на каталожния запис | |
| Идентификатор на билиотеката - собственик на записа | BLK |
| 041 ## - Код за език | |
| Код за езика на текст/звукозапис или на отделно заглавие | Български |
| Код за езика КДБФ | Български |
| 080 ## - УДК | |
| Текстов определител УДК | Организации, асоциации, движения със специални цели и/или области на дейност. Професионални асоциации(Ку-клукс-клан, масони, окултни движения, орден на тамплиерите). |
| УДК код - определител по УДК | 061.23 |
| УДК определител | (73)(091)(02.062) |
| УДК - код + определител | 061.23(73)(091)(02.062) |
| 080 ## - УДК | |
| Текстов определител УДК | Обща световна история. История на света |
| УДК код - определител по УДК | 930.9 |
| УДК определител | :316.342.5(02.062) |
| УДК - код + определител | 930.9:316.342.5(02.062) |
| 080 ## - УДК | |
| Текстов определител УДК | История на САЩ |
| УДК код - определител по УДК | 973 |
| УДК определител | :316.342.5(02.062) |
| УДК - код + определител | 973:316.342.5(02.062) |
| 100 1# - Редна дума - Автор | |
| Автор | Сора, Стивън |
| Авторска отговорност | първи автор |
| R(LIN) | 122204 |
| 139 ## - Редно поле | |
| Редна дума | Сора, Стивън |
| Авторски знак | Сол - С 51 |
| 245 10 - Сведения за заглавието | |
| Заглавие | Тайните общества на американския елит |
| Подзаглавни данни | От Ордена на тамплиерите до Череп и кости |
| Редно поле (дума) | Стивън Сора; прев. от англ. Людмила Маринова Андреева; ред. Гиндер Шайковица. |
| 257 ## - Страна на издаване | |
| Страна на създаване/издаване | Съединени американски щати |
| 260 ## - Област на издателските данни | |
| -- | с. Божурище, Софийско |
| Име на издателя, разпространителя и проч. | Дилок |
| Година на издаване | 2004 |
| Печатница | София : Изток-Запад |
| 300 ## - Физическа характеристика | |
| Страници | 432 с. |
| Размери/Мащаб | 21 см |
| 380 ## - Жанр | |
| Жанр | Общ отдел |
| 500 ## - Общи забележки | |
| Забележка | Ориг. загл. Secret Societies of America's Elite / Steven Sora. - Офс. изд. - Библиогр. с. 407-415 ; Азб. показалец. |
| 504 ## - Забележка за наличие на библиография и др | |
| Забележка за наличие на библиография и под. | 407-415 |
| 650 #4 - Допълнително описание по предмет – тема | |
| Основно описание – тема или топоним | Тайни общества |
| 9 (RLIN) | 251393 |
| 650 #4 - Допълнително описание по предмет – тема | |
| Основно описание – тема или топоним | Масонство |
| 9 (RLIN) | 161281 |
| 650 #4 - Допълнително описание по предмет – тема | |
| Основно описание – тема или топоним | Тамплиери |
| 9 (RLIN) | 173143 |
| 650 #4 - Допълнително описание по предмет – тема | |
| Основно описание – тема или топоним | САЩ - история |
| 9 (RLIN) | 262032 |
| 653 ## - Ключова дума – ненормативна | |
| Ключова дума | тайни общества |
| 653 ## - Ключова дума – ненормативна | |
| Ключова дума | тамплиери |
| 653 ## - Ключова дума – ненормативна | |
| Ключова дума | Орден Череп и кости |
| 653 ## - Ключова дума – ненормативна | |
| Ключова дума | САЩ |
| 653 ## - Ключова дума – ненормативна | |
| Ключова дума | история |
| 653 ## - Ключова дума – ненормативна | |
| Ключова дума | масонство |
| 700 1# - Други автори (авторска отговорност) | |
| Лично име | Андреева, Людмила Маринова |
| 9 (RLIN) | 365194 |
| 700 1# - Други автори (авторска отговорност) | |
| Лично име | Шайковица, Гиндер |
| Автороска отговорност (Описва отношението между автора и произведението) | ред. |
| 9 (RLIN) | 142526 |
| 852 ## - Местоположение | |
| Форматна сигнатура | Цб 217951 |
| 856 4# - Електронен адрес и достъп | |
| Електронен формат | pdf - файл |
| Път до файла /url/ | |
| 856 4# - Електронен адрес и достъп | |
| Електронен формат | pdf - файл |
| Път до файла /url/ | |
| 942 ## - АРТИКУЛИ | |
| Вид на библиотечния материал | Книги |
| Скрит в OPAC | Не |
| Koha issues (borrowed), all copies | 4 |
| 944 ## - СЪЗДАВАНЕ И РЕДАКЦИЯ на ЗАПИСА | |
| Създаване/Редакция | Създаване |
| Дата на регистрацията/редакция | 09.02.2004 |
| Служител, извършил регистрацията/редакцията | 30529 |
| Статус, дата на статуса | Диана Гривева |
| 944 ## - СЪЗДАВАНЕ И РЕДАКЦИЯ на ЗАПИСА | |
| Създаване/Редакция | Редакция |
| Дата на регистрацията/редакция | 05.01.2005 |
| Служител, извършил регистрацията/редакцията | |
| 999 ## - СИСТЕМНИ КОНТРОЛНИ НОМЕРА | |
| Koha biblionumber | 105677 |
| Koha biblioitemnumber | 105677 |
| Код за отписване | Код за изгубен артикул | Източник на класификационната схема | Код за повреда | Коз за рестрикции | Код за отдаване | Артикулен № | Име на библиотеката - собственик | Име на библиотеката, в която се намира в момента | Статус (Текущо местоположение) | Дата на вписване в системата | Местоположение - отдел | Цена в лева | Инвентарен номер | Систематично азбучна сигнатура | Баркод | Номер на екземпляра | Цена в евро | Служебна бележка | Служебен тип на артикула |
|---|---|---|---|---|---|---|---|---|---|---|---|---|---|---|---|---|---|---|---|
| Изтеглен | Не е изгубен | Universal Decimal Classification | Не е повреден | без рестрикции | заемане за дома | 170577 | Регионална библиотека "Любен Каравелов" Русе | Регионална библиотека "Любен Каравелов" Русе | Заемна - подръчен фонд | 2004-02-09 | Заемна - подръчен фонд | 12.50 | 120000682482 | П 06/С 51 | 120000682482 | 1 | 6.39 | Дост: Pk Вид: Ф N: 1 Дата: 05.02.2004 Дата инв: 06.11.2014 Бележки инв: П2014 | Книги |
| Не е изгубен | Не е повреден | без рестрикции | заемане за дома | 170578 | Регионална библиотека "Любен Каравелов" Русе | Регионална библиотека "Любен Каравелов" Русе | Заемна - подръчен фонд | 2004-04-06 | Заемна - подръчен фонд | 12.50 | 120000684311 | П 06/С 51 | 120000684311 | 2 | 6.39 | Дост: Pk Вид: Ф N: 13 Дата: 06.04.2004 Дата инв: 01.02.2018 Бележки инв: П2018 | Книги | ||
| Не е изгубен | Не е повреден | без рестрикции | ползва се в читалня | 170579 | Регионална библиотека "Любен Каравелов" Русе | Регионална библиотека "Любен Каравелов" Русе | Хранилище | 2004-12-20 | Хранилище | 12.50 | 120000690697 | Цб 217951 | 120000690697 | 3 | 6.39 | Дост: Dp Вид: Д N: 10 Дата: 25.02.2004 | Книги |